Une histoire du Canada (Registro nro. 184418)

Detalles MARC
000 -ENCABEZADO
Número de control [NR] 00949cam a2200253Ma 4500
005 - FECHA Y HORA DE LA ÚLTIMA TRANSACCIÓN
control field 20140903175022.0
008 - DE LONGITUD FIJA DE DATOS DE ELEMENTOS - INFORMACIÓN GENERAL
Elementos de longitud fija [NR] 090402s2009 cn abo frn 001 0 fre d
020 ## - NUMERO INTERNACIONAL NORMALIZADO PARA LIBROS [R]
ISBN Cancelado/ Invalidado [R] 9782763785103
040 ## - FUENTE DE CATALOGACION [NR]
Agencia de catalogación original [NR] Co-BoUCM
Idioma de catalogación [NR] eng
Quien Cataloga
Quien Clasifica Aldemar Mondragón
041 1# - CODIGO DE IDIOMA [R]
Código de idioma para texto/pista de sonido o título separado [R] Francés
Language code of original and/or intermediate translations of text eng
100 1# - ASIENTO PRINCIPAL--NOMBRE PERSONAL [NR]
Nombre personal [NR] Bothwell, Robert
Fechas asociadas con el nombre [NR] 1944-
ID Autoridad 56935
245 14 - MENCION DE TITULO [NR]
Título [NR] Une histoire du Canada
Mención de responsabilidad, etc. [NR] Robert Bothwell ; traducción del inglés por Michel Buttiens
260 ## - PUBLICACION, DISTRIBUCION, ETC. (PIE DE IMPRENTA) [R]
Lugar de publicación, distribución, etc. [R] Quebec (Canadá)
Nombre del editor, distribuidor, etc. [R] Presses de l'Université Laval
Fecha de publicación, distribución, etc. [R] 2009
300 ## - DESCRIPCION FISICA [R]
Extensión [R] xii, 548 páginas
Otros detalles físicos [NR] ilustraciones, fotos y mapas
500 ## - NOTA GENERAL [R]
Nota general [NR] Incluye índice
651 #4 - ASIENTO SECUNDARIO DE MATERIA - NOMBRE GEOGRAFICO [R]
Nombre geográfico [NR] Canadá
Subdivisión general [R] Historia
9 (RLIN) 33470
651 #4 - ASIENTO SECUNDARIO DE MATERIA - NOMBRE GEOGRAFICO [R]
Nombre geográfico [NR] Canadá
Subdivisión general [R] Política económica
9 (RLIN) 57038
651 #4 - ASIENTO SECUNDARIO DE MATERIA - NOMBRE GEOGRAFICO [R]
Nombre geográfico [NR] Canadá
Subdivisión general [R] Política y gobierno
9 (RLIN) 33469
690 ## - ASUNTO AGREGADO LOCAL DE ENTRADA - TÉRMINO TEMÁTICO (OCLC, RLIN)
9 (RLIN) 42842
Acceso temático local Historia de América
700 1# - ASIENTO SECUNDARIO - NOMBRE PERSONAL [R]
Nombre personal [NR] Buttiens, Michel
Término de relación [R] traductor
9 (RLIN) 56939
765 0# - ASIENTO DE IDIOMA ORIGINAL [R]
Título [NR] Penguin history of Canada
942 ## - ELEMENTOS DE ENTRADA AGREGADOS (KOHA)
Tema principal Historia
Tipo de ítem principal el descrito en 300a Libro
Edición 1
Parte restante de la signatura top. B749h
Sistema de clasificación DEWEY
Clasificación 971
Existencias
Total préstamos Signatura topográfica Código de barras Última vez visto Ejemplar Costo de reposición Price effective from Tipo de ítem Perdido Sistema de clasificación Dañado No prestable Tipo de ítem específico Suprimido Ubicación habitual Ubicación actual Localización Fecha de creación Proveedor Forma de adquisición Costo
  971 B749h 100140414 10/12/2025 Ej.1 100300.00 23/01/2014 Libro   DEWEY     Libro   Claustro Claustro 2do piso 23/01/2014 15 Compra 100300.00